A class of functional equations of neutral type
Αποθηκεύτηκε σε:
| Κύριος συγγραφέας: | |
|---|---|
| Άλλοι συγγραφείς: | |
| Μορφή: | Βιβλίο |
| Γλώσσα: | English |
| Δημοσίευση: |
Providence, R.I. :
American Mathematical Society,
1967
|
| Σειρά: | Memoirs of the American Mathematical Society ;
; 76 |
| Θέματα: | |
| Ετικέτες: |
Προσθήκη ετικέτας
Δεν υπάρχουν, Καταχωρήστε ετικέτα πρώτοι!
|
MARC
| LEADER | 00000nam a2200000 i 4500 | ||
|---|---|---|---|
| 001 | 1/27130 | ||
| 008 | 960423s1967 eng d | ||
| 020 | |a 0-8218-1276-9 | ||
| 035 | |a 1993 |l 10037752 | ||
| 040 | |a GR-MY-UA |b gre |e aacr | ||
| 041 | 0 | |a eng | |
| 082 | 0 | |a 515.7 | |
| 100 | 1 | |a Hale, Jack K. | |
| 245 | 1 | 2 | |a A class of functional equations of neutral type / |c Jack K. Hale and Kenneth R. Meyer |
| 260 | |a Providence, R.I. : |b American Mathematical Society, |c 1967 | ||
| 300 | |a 65 σ.; |b εικ.; |c 26 εκ. | ||
| 490 | 1 | |a Memoirs of the American Mathematical Society |v ; 76 | |
| 504 | |a Βιβλιογραφία: σ. 63-65 | ||
| 650 | 0 | 0 | |a Functional equations. |
| 700 | 1 | |a Meyer, Kenneth R. |q (Kenneth Ray) |d 1937- | |
| 830 | 0 | |a Memoirs of the American Mathematical Society ; |v ; 76 | |
| 852 | |a INST |b SAMOS |e 19960423 |h 515.7 HAL |p 005300002708 |q 005300002708 |t BK |y 0 | ||
| 909 | |a Σ |b 030543 | ||